[Event "Ibiza-ch"]
[Site "Ibiza"]
[Date "2017.11.26"]
[Round "7"]
[White "Mari Guasch, Javier"]
[Black "Reina Sorribas, Adrian"]
[Result "1-0"]
[WhiteElo "1540"]
[BlackElo "1150"]
[PlyCount "65"]
[EventDate "2017.11.04"]
[EventType "swiss"]
[EventRounds "7"]
[EventCountry "ESP"]
[SourceTitle "EXT 2024"]
[Source "ChessBase"]
[SourceDate "2023.10.10"]
[SourceVersion "1"]
[SourceVersionDate "2023.10.10"]
[SourceQuality "1"]

1. d4 d5 2. Nf3 Nf6 3. Bf4 e6 4. h3 Nc6 5. e3 Bd6 6. Ne5 Bd7 7. Nxd7 Qxd7 8. Bxd6 Qxd6 9. Qd2 e5 10. c3 0-0 11. Be2 a6 12. Na3 Rfe8 13. 0-0 Ne7 14. c4 dxc4 15. Nxc4 Qd5 16. Nxe5 Nf5 17. Bc4 Qe4 18. Bxf7+ Kh8 19. Bxe8 Rxe8 20. Qd3 Nh4 21. Qxe4 Nxe4 22. g3 Ng6 23. Nxg6+ hxg6 24. Rac1 c6 25. Rc2 Kg8 26. Rfc1 Ng5 27. Kg2 Rf8 28. d5 cxd5 29. Rc8 Rxc8 30. Rxc8+ Kh7 31. Rd8 Ne4 32. Rxd5 Nf6 33. Rd4 1-0

[Event "Ibiza-ch"]
[Site "Ibiza"]
[Date "2017.11.11"]
[Round "3"]
[White "Mari Guasch, Javier"]
[Black "Cabrera Cabrera, Nelson"]
[Result "1/2-1/2"]
[WhiteElo "1540"]
[BlackElo "1481"]
[PlyCount "106"]
[EventDate "2017.11.04"]
[EventType "swiss"]
[EventRounds "7"]
[EventCountry "ESP"]
[SourceTitle "EXT 2024"]
[Source "ChessBase"]
[SourceDate "2023.10.10"]
[SourceVersion "1"]
[SourceVersionDate "2023.10.10"]
[SourceQuality "1"]

1. c4 e6 2. Nc3 g6 3. g3 Bg7 4. Bg2 Nc6 5. Nf3 b6 6. 0-0 Bb7 7. d4 Rb8 8. e4 Na5 9. Qd3 d5 10. cxd5 exd5 11. exd5 Bxd5 12. Nxd5 Qxd5 13. Re1+ Ne7 14. Qe4 Qd8 15. Bg5 f6 16. Bd2 Kf7 17. Qe6+ Ke8 18. Bb4 c5 19. dxc5 Rb7 20. Bxa5 bxa5 21. Ne5 fxe5 22. Bxb7 Qd7 23. Qxd7+ Kxd7 24. Rad1+ Kc7 25. Be4 Nf5 26. Bxf5 gxf5 27. Rd5 Re8 28. Red1 Re7 29. Rd6 e4 30. c6 Bf8 31. Rd7+ Kxc6 32. Rxe7 Bxe7 33. Kf1 Bd6 34. Rc1+ Bc5 35. a3 Kd5 36. Ke2 h5 37. Rd1+ Bd4 38. b4 axb4 39. axb4 Kc4 40. b5 Kc3 41. h3 Kc4 42. h4 Bb6 43. Rd7 Kxb5 44. Rd5+ Kc4 45. Rxf5 a5 46. Kd2 a4 47. Kc2 a3 48. Kb1 Bc5 49. Ka2 Kb4 50. Rf4 Kc3 51. Rf5 Kd4 52. Rf4 Kd3 53. Kb3 Bxf2 1/2-1/2

[Event "Ibiza Summer op 4th"]
[Site "Ibiza"]
[Date "2016.06.25"]
[Round "2"]
[White "Prohens Lopez, Aitor"]
[Black "Mari Guasch, Javier"]
[Result "1-0"]
[WhiteElo "1728"]
[BlackElo "1562"]
[PlyCount "83"]
[EventDate "2016.06.24"]
[EventType "swiss"]
[EventRounds "6"]
[EventCountry "ESP"]
[SourceTitle "CBM 173 Extra"]
[Source "ChessBase"]
[SourceDate "2016.08.29"]
[SourceVersion "1"]
[SourceVersionDate "2016.08.29"]
[SourceQuality "1"]

1. e4 e6 2. d4 d5 3. Nc3 dxe4 4. Nxe4 Nd7 5. Nf3 Ngf6 6. Bd3 Nxe4 7. Bxe4 Nf6 8. Bd3 Be7 9. 0-0 b6 10. Ne5 Bd7 11. Qf3 0-0 12. Qh3 Rc8 13. Bg5 g6 14. f4 c5 15. Qh6 Nh5 16. g4 Ng7 17. Rf3 Bxg5 18. fxg5 Bc6 19. Nxc6 Rxc6 20. c3 f5 21. gxf6 Rxf6 22. Rxf6 Qxf6 23. Rf1 Qd8 24. Qf4 Rc7 25. dxc5 bxc5 26. Bc4 h6 27. Qxh6 Rf7 28. Bxe6 Nxe6 29. Qxg6+ Rg7 30. Qxe6+ Kh8 31. Qh6+ Kg8 32. Qf4 Qh4 33. Qf8+ Kh7 34. Qf5+ Kg8 35. Qd5+ Kh7 36. Qf5+ Kg8 37. Rf4 Qe1+ 38. Rf1 Qe3+ 39. Kh1 Qh3 40. Qd5+ Kh8 41. Rf8+ Kh7 42. Qf5+ 1-0

[Event "Ibiza-ch"]
[Site "Eivissa"]
[Date "2015.11.28"]
[Round "6"]
[White "Bordes Guasch, Juan Roman"]
[Black "Mari Guasch, Javier"]
[Result "1-0"]
[WhiteElo "1796"]
[BlackElo "1532"]
[PlyCount "39"]
[EventDate "2015.11.07"]
[EventType "swiss"]
[EventRounds "7"]
[EventCountry "ESP"]
[SourceTitle "EXT 2019"]
[Source "ChessBase"]
[SourceDate "2018.10.10"]
[SourceVersion "1"]
[SourceVersionDate "2018.10.10"]
[SourceQuality "1"]

1. d4 d5 2. Nf3 g6 3. Bf4 Bg7 4. e3 Nf6 5. c4 c6 6. Nc3 e6 7. c5 0-0 8. b4 b5 9. a4 bxa4 10. Rxa4 a5 11. Bd6 Re8 12. Ne5 Bb7 13. b5 Bf8 14. Bxb8 cxb5 15. Bxb5 Qxb8 16. Bxe8 Qxe8 17. 0-0 Bc6 18. Nxc6 Qxc6 19. Qd3 Ne4 20. Rfa1 1-0

[Event "Eivissa City-chT"]
[Site "Eivissa"]
[Date "2015.04.11"]
[Round "5.4"]
[White "Riera Torres, Diana"]
[Black "Mari Guasch, Javier"]
[Result "1-0"]
[WhiteElo "1553"]
[BlackElo "1807"]
[PlyCount "99"]
[EventDate "2015.03.07"]
[EventType "team-tourn"]
[EventRounds "5"]
[EventCountry "ESP"]
[SourceTitle "EXT 2016"]
[Source "ChessBase"]
[SourceDate "2015.10.08"]
[SourceVersion "1"]
[SourceVersionDate "2015.10.08"]
[SourceQuality "1"]
[WhiteTeam "Yebisah"]
[BlackTeam "Puig den Valls"]
[WhiteTeamCountry "ESP"]
[BlackTeamCountry "ESP"]

1. Nf3 d5 2. b3 c5 3. e3 Nc6 4. Bb2 Bg4 5. d4 cxd4 6. exd4 Nf6 7. Be2 e6 8. 0-0 Bd6 9. h3 Bh5 10. Nbd2 0-0 11. c4 Rc8 12. Rc1 Bg6 13. a3 b6 14. c5 Bb8 15. b4 Ne4 16. b5 Na5 17. c6 Qc7 18. g3 Nxg3 19. fxg3 Qxg3+ 20. Kh1 Qxh3+ 21. Kg1 Be4 22. Rf2 Bf4 23. Rc3 Nc4 24. Bxc4 Bxd2 25. Qxd2 dxc4 26. Qg5 Rfd8 27. Re3 Rd5 28. Qg2 Qxg2+ 29. Kxg2 Rg5+ 30. Kf1 Bd3+ 31. Ke1 Rxb5 32. Ne5 Bf5 33. Nxc4 Rxc6 34. Ne5 Rc2 35. Rxc2 Bxc2 36. Rc3 h5 37. Rxc2 f6 38. Nd3 Ra5 39. Re2 Kf7 40. Nf4 e5 41. dxe5 fxe5 42. Rxe5 Ra4 43. Nxh5 Rh4 44. Ng3 Rg4 45. Kf2 Rc4 46. Re2 b5 47. Ne4 Kg6 48. Nd6 Rc5 49. Ne8 Kh7 50. Nxg7 1-0

[Event "Eivissa City-chT"]
[Site "Eivissa"]
[Date "2015.03.28"]
[Round "4.3"]
[White "Moya Diaz, Raul"]
[Black "Mari Guasch, Javier"]
[Result "1/2-1/2"]
[WhiteElo "1767"]
[BlackElo "1807"]
[PlyCount "70"]
[EventDate "2015.03.07"]
[EventType "team-tourn"]
[EventRounds "5"]
[EventCountry "ESP"]
[SourceTitle "EXT 2016"]
[Source "ChessBase"]
[SourceDate "2015.10.08"]
[SourceVersion "1"]
[SourceVersionDate "2015.10.08"]
[SourceQuality "1"]
[WhiteTeam "Quatre Torres"]
[BlackTeam "Puig den Valls"]
[WhiteTeamCountry "ESP"]
[BlackTeamCountry "ESP"]

1. d4 Nf6 2. c4 d5 3. Nc3 c6 4. e3 g6 5. Nf3 Bg7 6. Bd3 0-0 7. 0-0 Nbd7 8. cxd5 cxd5 9. b3 e6 10. Bb2 a6 11. Na4 b5 12. Nc5 Qb6 13. Rc1 Bb7 14. Qe2 Rfd8 15. Ne5 Nxe5 16. dxe5 Nd7 17. Nxb7 Qxb7 18. f4 f5 19. g4 Rac8 20. gxf5 gxf5 21. Rf3 Rxc1+ 22. Bxc1 Nc5 23. Bb1 Rd7 24. Rg3 Kh8 25. Qh5 Qc8 26. Bb2 Ne4 27. Bxe4 dxe4 28. Rg2 Qd8 29. Bd4 Qc8 30. Qd1 Rc7 31. Bb2 Rd7 32. Rd2 Rxd2 33. Qxd2 Bf8 34. Qd4 Be7 35. Qb6 Qg8+ 1/2-1/2

[Event "Eivissa Insular-ch"]
[Site "Eivissa"]
[Date "2014.12.06"]
[Round "6"]
[White "Mari Guasch, Javier"]
[Black "Prohens Costa, Armando"]
[Result "1/2-1/2"]
[WhiteElo "1845"]
[BlackElo "1625"]
[PlyCount "58"]
[EventDate "2014.10.25"]
[EventType "swiss"]
[EventRounds "7"]
[EventCountry "ESP"]
[SourceTitle "EXT 2016"]
[Source "ChessBase"]
[SourceDate "2015.10.08"]
[SourceVersion "1"]
[SourceVersionDate "2015.10.08"]
[SourceQuality "1"]

1. c4 c5 2. Nc3 Nc6 3. g3 g6 4. Bg2 Bg7 5. d3 e5 6. e4 d6 7. Nge2 Nge7 8. 0-0 0-0 9. Be3 Nd4 10. Nd5 Nxd5 11. Bxd4 cxd4 12. cxd5 Bd7 13. Qb3 b5 14. Rac1 Qb6 15. Rc2 Rac8 16. Rfc1 Rxc2 17. Rxc2 Rc8 18. Rxc8+ Bxc8 19. Qc2 Bd7 20. b4 Qb7 21. Nc1 Qc8 22. Qxc8+ Bxc8 23. Nb3 Kf8 24. Kf1 Ke8 25. Ke1 Bf6 26. Na5 Bd8 27. Nb3 f5 28. Bh3 Kf7 29. f3 Kf6 1/2-1/2

[Event "Eivissa Insular-ch"]
[Site "Eivissa"]
[Date "2014.11.08"]
[Round "2"]
[White "Mari Guasch, Javier"]
[Black "Planells Cardona, Francisco"]
[Result "1/2-1/2"]
[WhiteElo "1845"]
[BlackElo "1638"]
[PlyCount "32"]
[EventDate "2014.10.25"]
[EventType "swiss"]
[EventRounds "7"]
[EventCountry "ESP"]
[SourceTitle "EXT 2016"]
[Source "ChessBase"]
[SourceDate "2015.10.08"]
[SourceVersion "1"]
[SourceVersionDate "2015.10.08"]
[SourceQuality "1"]

1. c4 Nf6 2. Nc3 e6 3. g3 c6 4. Bg2 g6 5. Nf3 Bg7 6. 0-0 0-0 7. Rb1 d5 8. cxd5 exd5 9. d4 Bf5 10. Ra1 Re8 11. Ne5 Nbd7 12. Bf4 Nxe5 13. Bxe5 Rc8 14. f3 Be6 15. Re1 Qd7 16. e3 Bh3 1/2-1/2

[Event "Ibiza Summer op 3rd"]
[Site "Ibiza"]
[Date "2014.06.30"]
[Round "5"]
[White "Guasch Juan, Juan Antonio"]
[Black "Mari Guasch, Javier"]
[Result "0-1"]
[WhiteElo "1278"]
[BlackElo "1856"]
[PlyCount "34"]
[EventDate "2014.06.27"]
[EventType "swiss"]
[EventRounds "7"]
[EventCountry "ESP"]
[SourceTitle "CBM 161 Extra"]
[Source "ChessBase"]
[SourceDate "2014.08.29"]
[SourceVersion "1"]
[SourceVersionDate "2014.08.29"]
[SourceQuality "1"]

1. e4 e6 2. Nf3 d5 3. e5 c5 4. c3 Nc6 5. Bb5 Bd7 6. d4 Qb6 7. Ba4 Nge7 8. Bb3 Nf5 9. dxc5 Bxc5 10. Qe2 d4 11. Bc2 Nfe7 12. 0-0 0-0-0 13. Ng5 Be8 14. Nf3 Ng6 15. Bg5 Rd7 16. Rd1 Qxb2 17. Nbd2 Qxc2 0-1

[Event "Ibiza Summer op 3rd"]
[Site "Ibiza"]
[Date "2014.06.29"]
[Round "4"]
[White "Parrell Ferrer, Rafael"]
[Black "Mari Guasch, Javier"]
[Result "1-0"]
[WhiteElo "2007"]
[BlackElo "1856"]
[PlyCount "65"]
[EventDate "2014.06.27"]
[EventType "swiss"]
[EventRounds "7"]
[EventCountry "ESP"]
[SourceTitle "CBM 161 Extra"]
[Source "ChessBase"]
[SourceDate "2014.08.29"]
[SourceVersion "1"]
[SourceVersionDate "2014.08.29"]
[SourceQuality "1"]

1. d4 d5 2. c4 e6 3. Nc3 Nf6 4. Bf4 c6 5. e3 Nbd7 6. Nf3 Be7 7. Bd3 0-0 8. Qc2 dxc4 9. Bxc4 Nb6 10. Be2 Nbd5 11. Bg3 c5 12. 0-0 cxd4 13. Nxd4 Nxc3 14. Qxc3 Ne4 15. Qc2 Nxg3 16. hxg3 Bd7 17. f4 Rc8 18. Qb3 b6 19. Rac1 Bc5 20. Rfd1 Qe7 21. Nf3 Bc6 22. Ne5 Bd5 23. Bc4 Bxe3+ 24. Kh2 Qf6 25. Ng4 Qg6 26. Nxe3 Rxc4 27. Nxc4 Qe4 28. Rxd5 Qxd5 29. Ne5 Qa5 30. Rd1 Re8 31. Qc4 f6 32. Nf3 Re7 33. b4 1-0